[Event "5th IECC"]
[Site "Antalya TUR"]
[Date "2004.05.27"]
[Round "11"]
[White "Kempinski,R"]
[Black "Parligras,M"]
[Result "1/2-1/2"]
[WhiteElo "2586"]
[BlackElo "2549"]
[EventDate "2004.05.15"]

1. d4 Nf6 2. c4 e6 3. Nf3 b6 4. e3 Bb7 5. Bd3 d5 6. b3 Bd6 7. Nbd2 Nbd7 8.
O-O O-O 9. Bb2 Ne4 10. Qc2 f5 11. Rad1 1/2-1/2

[Event "5th IECC"]
[Site "Antalya TUR"]
[Date "2004.05.27"]
[Round "11"]
[White "Macieja,B"]
[Black "Nyback,T"]
[Result "1-0"]
[WhiteElo "2633"]
[BlackElo "2545"]
[EventDate "2004.05.15"]

1. e4 d6 2. d4 Nf6 3. Nc3 g6 4. Bg5 Bg7 5. f4 h6 6. Bh4 c5 7. e5 Nh5 8.
dxc5 dxe5 9. Qxd8+ Kxd8 10. O-O-O+ Bd7 11. fxe5 g5 12. Be1 Nc6 13. e6 fxe6
14. g4 Nf4 15. h4 Ne5 16. Bb5 Kc7 17. Nf3 a6 18. Bxd7 Nxd7 19. Ne4 Kc6 20.
hxg5 hxg5 21. Bd2 Nxc5 22. Nxc5 Kxc5 23. Nxg5 Ne2+ 24. Kb1 Rxh1 25. Rxh1
Kd5 26. Re1 Nd4 27. c3 Nc6 28. Nxe6 Be5 29. Nf4+ Bxf4 30. Bxf4 Rf8 31. Bc1
Rf2 32. g5 Rg2 33. b3 e5 34. Rf1 e4 35. Rf5+ Ke6 36. Rf6+ Kd5 37. Bf4 e3
38. Bxe3 Ke4 39. Rf2 Rg3 40. Bd2 Kd3 41. Kb2 Rg1 42. Bc1 Ne5 43. a4 Ke4 44.
Rf4+ Kd5 45. c4+ Ke6 46. Rf6+ Ke7 47. Bd2 Rg2 48. Kc3 Rg3+ 49. Kb2 Kd7 50.
Rb6 Rg2 51. Kc3 Rg3+ 52. Kc2 Nf3 53. Rxb7+ Kc6 54. Rc7+ 1-0

[Event "5th IECC"]
[Site "Antalya TUR"]
[Date "2004.05.27"]
[Round "11"]
[White "Jobava,Ba"]
[Black "Cheparinov,I"]
[Result "1-0"]
[WhiteElo "2616"]
[BlackElo "2555"]
[EventDate "2004.05.15"]

1. c4 Nf6 2. Nc3 e5 3. Nf3 Nc6 4. d3 d5 5. cxd5 Nxd5 6. g3 Be7 7. Bg2 Nb6
8. a3 Be6 9. O-O O-O 10. b4 f6 11. Bb2 a5 12. b5 Nd4 13. Nxd4 exd4 14. Na4
Bd5 15. Bh3 Bf7 16. Rc1 Re8 17. Bg2 Rb8 18. Re1 Bf8 19. Nc5 Bd5 20. Bh3 Bf7
21. Bg2 Bd5 22. Bxd5+ Qxd5 23. Qc2 Rbd8 24. Nb3 Na4 25. Bxd4 Qxb5 26. Qa2
Qd7 27. Nxa5+ Qd5 28. Nb3 Qf7 29. Be3 Ra8 30. Rc2 Re5 31. Rb1 c6 32. Nc1
Rd5 33. Qb3 Rd7 34. Rc4 Qd5 35. Qc2 b5 36. Rxc6 Bxa3 37. Na2 Re8 38. Nb4
Qf7 39. Na6 Rb7 40. Nc7 Rc8 41. Nxb5 Rxc6 42. Qxc6 Qf8 43. Ra1 1-0

[Event "5th IECC"]
[Site "Antalya TUR"]
[Date "2004.05.27"]
[Round "11"]
[White "Anastasian,A"]
[Black "Grunberg,M"]
[Result "1-0"]
[WhiteElo "2587"]
[BlackElo "2401"]
[EventDate "2004.05.15"]

1. Nf3 f5 2. c4 Nf6 3. g3 g6 4. Bg2 Bg7 5. Nc3 O-O 6. d3 d6 7. e4 Nc6 8.
O-O fxe4 9. dxe4 e5 10. Be3 Be6 11. c5 h6 12. cxd6 cxd6 13. h3 Qd7 14. Kh2
Rad8 15. Nd2 b6 16. Nd5 Bxd5 17. exd5 Ne7 18. Qb3 Nf5 19. Ne4 Nxe3 20. Qxe3
Kh7 21. Nxf6+ Rxf6 22. Be4 Qb5 23. b3 h5 24. Rac1 Rdf8 25. a4 Qa6 26. Rc4
Bh6 27. Qe2 Qa5 28. Rc7+ Kg8 29. Kg2 b5 30. Rb7 bxa4 31. b4 Qd8 32. Rxa7
Qb6 33. Rxa4 Qd4 34. f3 Rc8 35. Rd1 Qc3 36. b5 Be3 37. Ra6 Bc5 38. h4 Rb8
39. Rb1 Kg7 40. Rc6 Rf7 41. b6 Rfb7 42. Rc7+ Rxc7 43. bxc7 Rc8 44. Qb5 Rxc7
45. Qe8 Ba7 46. Qxg6+ Kf8 47. Qxh5 Kg7 48. Qg6+ Kh8 49. Qxd6 Qd2+ 50. Kh3
Rg7 51. Qf8+ Rg8 52. Qf6+ Rg7 1-0

[Event "5th IECC"]
[Site "Antalya TUR"]
[Date "2004.05.27"]
[Round "11"]
[White "Stefansson,H"]
[Black "Radulski,J"]
[Result "1/2-1/2"]
[WhiteElo "2567"]
[BlackElo "2497"]
[EventDate "2004.05.15"]

1. d4 d5 2. c4 e6 3. Nc3 Nf6 4. cxd5 exd5 5. Bg5 Be7 6. e3 O-O 7. Bd3 c6 8.
Qc2 Nbd7 9. Nge2 Re8 10. O-O Nf8 11. f3 Qa5 12. a3 g6 13. b4 Qd8 14. Kh1
Ne6 15. Bh4 a5 16. b5 c5 17. Qa2 b6 18. Bxf6 Bxf6 19. Qxd5 cxd4 20. Ne4 Rb8
21. Qxd8 Bxd8 22. exd4 Be7 23. Rfd1 Bb7 24. a4 Rbc8 25. Rac1 f5 26. Nd2
Rxc1 27. Rxc1 Bg5 28. Rd1 Nxd4 29. Nxd4 Bxd2 30. Bc4+ Kh8 31. Ne6 Bb4 32.
Kg1 Bc8 33. Nc7 Rf8 34. Kf1 g5 35. Be6 Kg7 36. Bxc8 Rxc8 37. Rd7+ Kg6 38.
Ke2 Bc5 39. Kd3 h5 40. Nd5 Rb8 41. Rc7 f4 42. Kc4 Bg1 43. Rc6+ Kf5 44. h4
gxh4 45. Ne7+ Ke5 46. Rh6 Re8 47. Rxh5+ Ke6 48. Nd5 Rc8+ 49. Kd3 Kd6 50.
Nxf4 Bf2 51. Rh6+ Kc5 52. Ke2 Bg3 53. Ne6+ Kb4 54. Nd4 Kxa4 55. Rxb6 Rd8
56. Ke3 Rxd4 57. Kxd4 Bf2+ 58. Kc4 Bxb6 59. f4 Ka3 60. Kd5 a4 61. Kc6 Bd4
62. b6 Kb3 63. b7 Ba7 64. f5 a3 65. f6 a2 66. f7 a1=Q 67. f8=Q Qa6+ 68. Kd5
Qxb7+ 69. Ke5 Qb8+ 70. Qxb8+ Bxb8+ 71. Ke4 Kc2 72. Ke3 Kd1 73. Kf2 Ba7+ 74.
Kf3 Bb8 75. Kf2 Bh2 76. Kf3 Ke1 77. g4 Kf1 78. g5 Bf4 1/2-1/2

[Event "5th IECC"]
[Site "Antalya TUR"]
[Date "2004.05.27"]
[Round "11"]
[White "Pashikian,A"]
[Black "Hulak,K"]
[Result "1/2-1/2"]
[WhiteElo "2466"]
[BlackElo "2550"]
[EventDate "2004.05.15"]

1. e4 c5 2. Nc3 e6 3. Nf3 a6 4. g3 b5 5. d4 cxd4 6. Nxd4 b4 7. Na4 Bb7 8.
Bg2 Nf6 9. Qe2 Be7 10. O-O O-O 11. c4 Nc6 12. Nb3 d6 13. Rd1 Qc7 14. Bf4 e5
15. Be3 Nd7 16. Bh3 Ncb8 17. c5 dxc5 18. Naxc5 Nxc5 19. Nxc5 Bc8 20. Bxc8
Qxc8 21. Rac1 Qh3 22. Rd5 Bf6 23. Qc4 Rc8 24. Qxb4 Nc6 25. Qd2 h5 26. Nd7
Ne7 27. Rxc8+ Rxc8 28. Rc5 Rxc5 29. Nxc5 Qg4 30. Kg2 Ng6 31. Qd7 Qe2 32.
Qe8+ Kh7 33. Qxf7 Nh4+ 34. gxh4 1/2-1/2

[Event "5th IECC"]
[Site "Antalya TUR"]
[Date "2004.05.27"]
[Round "11"]
[White "Smeets,J"]
[Black "Yilmaz,T"]
[Result "1/2-1/2"]
[WhiteElo "2531"]
[BlackElo "2311"]
[EventDate "2004.05.15"]

1. e4 g6 2. d4 Bg7 3. c4 d6 4. Nc3 Nf6 5. f3 O-O 6. Be3 b6 7. Qd2 c5 8.
Nge2 Nc6 9. d5 Na5 10. Ng3 e6 11. Bh6 exd5 12. cxd5 Re8 13. Bd3 a6 14. O-O
b5 15. Rae1 b4 16. Nd1 c4 17. Bxg7 Kxg7 18. Be2 Qb6+ 19. Kh1 Qc5 20. Qe3
Nd7 21. Qxc5 Nxc5 22. Ne3 Nd3 23. Bxd3 cxd3 24. Kg1 Bd7 25. Rc1 Rac8 26.
Kf2 Bb5 27. Rfd1 b3 28. a4 Bd7 29. Rxc8 Rxc8 30. Rxd3 Bxa4 31. Ne2 Bb5 32.
Rc3 Rxc3 33. Nxc3 Bd3 34. Ke1 Nb7 35. Na4 Bb5 36. Nb6 Kf6 37. Kd2 Nc5 38.
Nec4 Bxc4 39. Nxc4 Ke7 40. Kc3 f5 41. exf5 gxf5 42. g3 h5 43. Kb4 f4 44.
gxf4 Nd3+ 45. Kxb3 Nxf4 46. Kb4 Nxd5+ 47. Ka5 Nc7 48. Kb6 Kd7 49. Ne3 d5
50. Kc5 Ke6 51. f4 a5 52. b3 Na6+ 53. Kb6 Nb4 54. Kxa5 Nd3 55. f5+ Ke5 56.
f6 Kxf6 57. Nxd5+ Kg5 58. Kb5 Kg4 59. Kc4 Ne5+ 60. Kd4 Nd7 61. b4 h4 62.
Ke3 Kh3 63. Kf3 Ne5+ 64. Ke4 Nd7 65. Kf4 Kxh2 66. Kg4 Kg2 67. Kxh4 Kf3 68.
Kg5 Ke4 69. Nc3+ Kd4 70. Na2 Kc4 71. Kf5 Nb8 72. Ke5 Na6 73. Kd6 Kb5 74.
Kd5 Nxb4+ 75. Nxb4 1/2-1/2

[Event "5th IECC"]
[Site "Antalya TUR"]
[Date "2004.05.27"]
[Round "11"]
[White "Erdogdu,M"]
[Black "Minasian,Art"]
[Result "1/2-1/2"]
[WhiteElo "2369"]
[BlackElo "2585"]
[EventDate "2004.05.15"]

1. e4 Nc6 2. Nf3 d6 3. d4 Nf6 4. Nc3 Bg4 5. Bb5 a6 6. Bxc6+ bxc6 7. h3 Bxf3
8. Qxf3 e6 9. Bg5 Be7 10. O-O d5 11. e5 Nd7 12. Bxe7 Qxe7 13. Rad1 c5 14.
dxc5 O-O 15. Qe3 Qxc5 16. Rd4 Rab8 17. Rfd1 Qe7 18. b3 c5 19. Rg4 d4 20.
Qg3 f5 21. exf6 Nxf6 22. Ne4 Nxg4 23. hxg4 e5 24. Qd3 a5 25. Qa6 Ra8 26.
Qc4+ Kh8 27. Rd2 Rac8 28. Re2 a4 29. bxa4 Rb8 30. Re1 Rb4 31. Qxc5 Qxc5 32.
Nxc5 Rc8 33. Rxe5 Kg8 34. Rd5 Rc4 35. Ne6 Rxc2 36. Rxd4 Rxa2 37. Rd7 g6 38.
Rg7+ Kh8 39. Ra7 Re2 40. Re7 Kg8 41. Rg7+ Kh8 42. Re7 h6 43. Kf1 Ra2 44. g3
Rxa4 45. g5 h5 46. Rg7 Rg8 47. Rf7 Ra6 48. Nf4 Rg7 49. Rf6 Ra1+ 50. Kg2 Kh7
51. Ne6 Rb7 52. Nf8+ Kg7 53. Nxg6 Rb5 54. f4 Ra2+ 55. Kf3 Ra3+ 56. Ke4 Ra4+
57. Kd3 Rb3+ 58. Kc2 Rxg3 59. Nh4 Rh3 60. Nf5+ Kg8 61. Nh6+ Kg7 62. Rf7+
Kg6 63. Rf6+ Kh7 64. Rf7+ Kg6 65. Rf6+ 1/2-1/2

[Event "5th IECC"]
[Site "Antalya TUR"]
[Date "2004.05.27"]
[Round "11"]
[White "Mazi,L"]
[Black "Nedev,T"]
[Result "0-1"]
[WhiteElo "2417"]
[BlackElo "2489"]
[EventDate "2004.05.15"]

1. e4 c5 2. Nf3 Nc6 3. d4 cxd4 4. Nxd4 Nf6 5. Nc3 e5 6. Ndb5 d6 7. Bg5 a6
8. Na3 b5 9. Bxf6 gxf6 10. Nd5 f5 11. Bd3 Be6 12. O-O Bxd5 13. exd5 Ne7 14.
c3 Bg7 15. Nc2 O-O 16. Re1 f4 17. a4 bxa4 18. Rxa4 a5 19. Na3 Rc8 20. Nb5
Rc5 21. c4 f5 22. Qd2 Ng6 23. f3 Nh4 24. Rxa5 e4 25. b4 Qg5 26. Rf1 Rxb5
27. cxb5 Bd4+ 28. Kh1 Be3 29. Qb2 exd3 30. Raa1 Bd4 31. Qd2 Bxa1 32. Rxa1
Re8 33. Rg1 Re2 34. Qxd3 Rxg2 35. Rf1 Rxh2+ 0-1

[Event "5th IECC"]
[Site "Antalya TUR"]
[Date "2004.05.27"]
[Round "11"]
[White "Van der Stricht,G"]
[Black "Aleskerov,F"]
[Result "1/2-1/2"]
[WhiteElo "2450"]
[BlackElo "2167"]
[EventDate "2004.05.15"]

1. d4 c5 2. d5 e5 3. e4 d6 4. Nc3 Be7 5. Nf3 Nf6 6. Be2 O-O 7. O-O Ne8 8.
Be3 g6 9. Nd2 f5 10. exf5 gxf5 11. f4 Nd7 12. Bb5 Ndf6 13. Bxe8 Qxe8 14. h3
b5 15. fxe5 dxe5 16. d6 Bxd6 17. Nf3 Bc7 18. Bxc5 Rf7 19. Nd5 Nxd5 20. Qxd5
Be6 21. Qd2 Rg7 22. Rfe1 Qh5 23. Nxe5 f4 24. Qxf4 Qxh3 25. Qf3 Re8 26. Re3
Bxe5 27. Qxh3 Bxh3 28. Rxh3 Bxb2 29. Rb1 Rc8 30. Bf2 Rxc2 31. Rb3 Rf7 32.
Bxa7 Rxa7 33. R1xb2 Rxb2 34. Rxb2 Kf7 35. Kf2 Ra3 36. Ke2 Ke6 37. Kd2 Kd6
38. Kc1 Kc5 39. Rf2 Rg3 40. Kb2 Kb6 41. Rd2 h5 42. Rc2 1/2-1/2

[Event "5th IECC"]
[Site "Antalya TUR"]
[Date "2004.05.27"]
[Round "11"]
[White "Atakisi,U"]
[Black "Jonkman,H"]
[Result "0-1"]
[WhiteElo "2344"]
[BlackElo "2421"]
[EventDate "2004.05.15"]

1. e4 e5 2. Nf3 Nc6 3. Bb5 Nf6 4. O-O Nxe4 5. d4 Nd6 6. Bxc6 dxc6 7. dxe5
Nf5 8. Qxd8+ Kxd8 9. Nc3 Bd7 10. Rd1 Kc8 11. Ng5 Be8 12. b3 a5 13. Bb2 b6
14. Rd3 Be7 15. Nge4 h5 16. Rad1 Kb7 17. Bc1 Bb4 18. h3 Bxc3 19. Nxc3 c5
20. Ne4 Nd4 21. c3 Ne6 22. f4 Bc6 23. Nf2 g6 24. g4 hxg4 25. hxg4 a4 26. b4
cxb4 27. cxb4 Bb5 28. Rg3 Rad8 29. Be3 Bc6 30. Rc1 a3 31. f5 gxf5 32. gxf5
Nd4 33. Bxd4 Rxd4 34. Rg7 Rxb4 35. e6 fxe6 36. fxe6 Rb2 37. Rg3 Rxa2 38. e7
Re2 39. Rxa3 Rg8+ 40. Kf1 Rxe7 41. Rca1 Bb5+ 42. Nd3 Rf8+ 0-1

[Event "5th IECC"]
[Site "Antalya TUR"]
[Date "2004.05.27"]
[Round "11"]
[White "Markowski,T"]
[Black "Iotov,V"]
[Result "1/2-1/2"]
[WhiteElo "2605"]
[BlackElo "2342"]
[EventDate "2004.05.15"]

1. g3 Nf6 2. Bg2 d5 3. Nf3 g6 4. O-O Bg7 5. d4 O-O 6. Nbd2 c5 7. dxc5 Nc6
8. c3 a5 9. a4 e5 10. Nb3 h6 11. Ne1 Re8 12. Nc2 Be6 13. Na3 Qd7 14. Nb5
Bh3 15. Nd6 Re7 16. f3 Be6 17. Bd2 Ne8 18. Nxe8 Rexe8 19. Qc2 d4 20. c4 Bf5
21. Qc1 g5 22. Qe1 e4 23. fxe4 Bxe4 24. Bxe4 Rxe4 25. Qf2 Rae8 26. Rae1 Ne5
27. Nxa5 d3 28. e3 Nxc4 29. Nxc4 Rxc4 30. Qf5 Qxf5 31. Rxf5 Rc2 32. Rd1
Bxb2 33. Rd5 Ba3 34. Rxd3 Bxc5 35. Kf1 b6 36. Ra1 Kg7 37. a5 bxa5 38. Rxa5
Rxd2 39. Rxd2 Bb4 40. Rdd5 Bxa5 41. Rxa5 Rxe3 42. Kf2 Rb3 43. g4 Kg6 44.
Kg2 f6 45. Ra6 Rb4 46. h3 Rf4 47. Kg3 h5 48. Ra7 h4+ 49. Kg2 Rb4 1/2-1/2

[Event "5th IECC"]
[Site "Antalya TUR"]
[Date "2004.05.27"]
[Round "11"]
[White "Bayram,Y"]
[Black "Klinova,M"]
[Result "0-1"]
[WhiteElo "2292"]
[BlackElo "2436"]
[EventDate "2004.05.15"]

1. d4 d6 2. e4 Nf6 3. f3 Nbd7 4. c4 e5 5. d5 Be7 6. Be3 a5 7. Bd3 h6 8. Bc2
Nc5 9. Nc3 Nh5 10. g3 g6 11. Qe2 Bd7 12. Bf2 Kf8 13. O-O-O Kg7 14. Kb1 b6
15. Rf1 Qe8 16. Be1 Rb8 17. Nb5 Rb7 18. Bc3 Bf6 19. a4 Qe7 20. Qd2 Kh7 21.
Ne2 Rf8 22. h4 Bh8 23. g4 Ng7 24. Ng3 Ne8 25. h5 g5 26. Nf5 Bxf5 27. exf5
Nf6 28. Re1 Qd7 29. Rhf1 Ra8 30. b3 Rbb8 31. Bb2 Re8 32. Nc3 Kg8 33. Ne4
Nfxe4 34. fxe4 Bf6 35. Bc3 Ra7 36. Kb2 Rea8 37. Ra1 Kg7 38. Ra3 Kf8 39.
Rfa1 Na6 40. R3a2 Kg7 41. Qe1 Kg8 42. Bd2 Kg7 43. Bd3 Nc5 44. Bc2 Na6 45.
Kc1 Qd8 46. Kb1 Qd7 47. b4 Nxb4 48. Bxb4 axb4 49. a5 c5 50. Ba4 Qd8 51. Bc6
Rb8 52. axb6 Rxa2 53. Kxa2 Rxb6 54. Kb3 Qc8 55. Bb5 Rb8 56. Ba6 Qc7 57. Qe2
Ra8 58. Qa2 Bd8 59. Qa4 Ra7 60. Qb5 Bf6 61. Ra2 Bd8 62. Ra4 Bf6 63. Qe8 Qb6
64. Qc8 Bd8 65. Ra1 Qc7 66. f6+ Bxf6 67. Qxc7 Rxc7 68. Bb5 Be7 69. Ra8 Bf8
70. Ba6 f5 71. exf5 e4 72. Bc8 Kf6 73. Be6 Bg7 74. Ra1 Ke5 75. f6 Bxf6 76.
Bf5 e3 77. Bd3 Bg7 78. Re1 Kf4 79. Be2 Ra7 80. Rf1+ Kg3 81. Kc2 Bd4 82. Kd3
b3 83. Ke4 Re7+ 84. Kd3 b2 85. Rf3+ Kg2 86. Rf1 Ra7 0-1

[Event "5th IECC"]
[Site "Antalya TUR"]
[Date "2004.05.27"]
[Round "11"]
[White "Ersahin,B"]
[Black "Mamedjarova,Z"]
[Result "1/2-1/2"]
[WhiteElo "2070"]
[BlackElo "2343"]
[EventDate "2004.05.15"]

1. e4 e5 2. Nf3 Nc6 3. Bb5 a6 4. Ba4 Nf6 5. O-O b5 6. Bb3 Bc5 7. c3 d6 8.
d4 Bb6 9. h3 O-O 10. a4 Rb8 11. axb5 axb5 12. Re1 exd4 13. cxd4 d5 14. e5
Ne4 15. Nc3 Nxc3 16. bxc3 Bf5 17. Bg5 Qd7 18. Nh2 Be6 19. Re3 Ne7 20. Rg3
c6 21. Bc2 Ng6 22. Qh5 b4 23. Bf6 bxc3 24. Nf3 Bd8 25. Ng5 h6 26. Nxe6 Qxe6
27. Bxg6 fxg6 28. Rxg6 Bxf6 29. Rxh6 gxh6 30. Qg6+ Kh8 31. Qxh6+ Kg8 32.
Qg6+ Kh8 33. Qh6+ Kg8 34. Qg6+ 1/2-1/2

[Event "5th IECC"]
[Site "Antalya TUR"]
[Date "2004.05.27"]
[Round "11"]
[White "Erturan,Y"]
[Black "Esen,B"]
[Result "1-0"]
[WhiteElo "2273"]
[BlackElo "2262"]
[EventDate "2004.05.15"]

1. e4 e6 2. d4 d5 3. e5 Bd7 4. Nf3 a6 5. c4 Ne7 6. Nc3 dxc4 7. Bxc4 Bc6 8.
O-O Nd5 9. Ng5 Be7 10. Qh5 Bxg5 11. Bxg5 Qd7 12. Rac1 Nxc3 13. Rxc3 Be4 14.
Qe2 Bd5 15. Bxd5 Qxd5 16. Rxc7 Nc6 17. Qg4 h5 18. Qf4 O-O 19. Rd1 Rac8 20.
Rxc8 Rxc8 21. b3 Nb4 22. Qd2 Qb5 23. a4 Qb6 24. h3 Rc2 25. Qe1 Nd5 26. Rd3
Qc6 27. Kh2 Rb2 28. Rg3 Qc2 29. Qa5 Rxb3 30. Qd8+ Kh7 31. Be3 Rb1 32. Qf8
1-0

[Event "5th IECC"]
[Site "Antalya TUR"]
[Date "2004.05.27"]
[Round "11"]
[White "Bente,B"]
[Black "Erdogan,H"]
[Result "1/2-1/2"]
[WhiteElo "2219"]
[BlackElo "2252"]
[EventDate "2004.05.15"]

1. d4 Nf6 2. c4 e6 3. Nc3 c5 4. d5 exd5 5. cxd5 d6 6. e4 g6 7. f4 Bg7 8.
Nf3 O-O 9. Be2 a6 10. a4 Re8 11. Nd2 Nbd7 12. O-O Qc7 13. Re1 Rb8 14. Bf1
h5 15. h3 h4 16. Nf3 Nh5 17. Nxh4 Bd4+ 18. Be3 Qd8 19. Nf5 Bxe3+ 20. Rxe3
Ndf6 21. Nh6+ Kg7 22. Ng4 Nxf4 23. Qf3 Nxg4 24. hxg4 g5 25. Ne2 Qf6 26. Ng3
Rh8 27. Rae1 Qe5 28. Nf5+ Kf8 29. Bc4 b5 30. axb5 axb5 31. Bf1 Bd7 32. Ra1
Re8 33. Ra6 Bxf5 34. gxf5 Nxd5 35. Bxb5 Nxe3 36. Qxe3 Rb8 37. Qxg5 Qd4+ 38.
Kf1 Rh1+ 39. Ke2 Qd1+ 40. Kf2 Qd4+ 41. Kg3 Qxb2 42. Ra7 Qe5+ 43. Kf3 Rh7
44. Rd7 Re8 45. Bc6 Qc3+ 46. Qe3 Qf6 47. Qf4 Rh6 48. Bd5 Qc3+ 49. Kf2 Qc2+
50. Kf3 Qd3+ 51. Kf2 Qc2+ 52. Kf3 Qc3+ 53. Kf2 Qc2+ 54. Kf3 1/2-1/2

[Event "5th IECC"]
[Site "Antalya TUR"]
[Date "2004.05.27"]
[Round "11"]
[White "Mamedjarova,T"]
[Black "Kose,S"]
[Result "1-0"]
[WhiteElo "2191"]
[BlackElo "2244"]
[EventDate "2004.05.15"]

1. d4 e6 2. Nf3 Nf6 3. Bf4 d5 4. e3 Bd6 5. Ne5 c5 6. c3 Qb6 7. b3 Nbd7 8.
Qf3 O-O 9. Bd3 Qc7 10. Qg3 Bxe5 11. dxe5 Nh5 12. Bxh7+ Kxh7 13. Qh3 g6 14.
g4 Rh8 15. gxh5 Kg8 16. h6 Nxe5 17. O-O f6 18. Qg3 Kf7 19. h4 Bd7 20. Nd2
Rag8 21. e4 Bc6 22. Rfe1 Qd8 23. Bxe5 fxe5 24. Nf3 Rxh6 25. Nxe5+ Kg7 26.
exd5 exd5 27. Nxc6 bxc6 28. Re6 Kh7 29. Rae1 Rg7 30. Qg5 Qf8 31. Rf6 Qc8
32. Ree6 Rh5 33. Qg4 Rf5 34. Rxc6 Qe8 35. Rce6 Qc8 36. Re7 Rxe7 37. Qxg6+
Kh8 38. Qxf5 Qxf5 39. Rxf5 Rd7 40. Kf1 Kg7 41. Ke2 Kg6 42. Rg5+ Kf6 43. Kd3
Ke6 44. h5 Rf7 45. Ke3 Re7 46. f4 Kd6+ 47. Kd3 Re1 48. h6 Rh1 49. Rg6+ Kc7
50. f5 Rh3+ 51. Kd2 Rh2+ 52. Ke3 Rxa2 53. Kf4 Rh2 54. Ke5 Rh5 55. Kf6 d4
56. cxd4 cxd4 57. Kg7 d3 58. h7 d2 59. Rg1 Rg5+ 60. Rxg5 d1=Q 61. h8=Q Qd7+
62. Kg6 Kb6 63. Qf6+ Kb5 64. Qe6 1-0

[Event "5th IECC"]
[Site "Antalya TUR"]
[Date "2004.05.27"]
[Round "11"]
[White "Goksel,D"]
[Black "Makoli,P"]
[Result "1-0"]
[WhiteElo "2130"]
[BlackElo "2228"]
[EventDate "2004.05.15"]

1. Nf3 c5 2. c4 Nf6 3. g3 e6 4. Bg2 d5 5. cxd5 exd5 6. d4 Nc6 7. Nc3 cxd4
8. Nxd4 Qb6 9. Nxc6 bxc6 10. O-O Ba6 11. Qa4 Nd7 12. Be3 Bc5 13. Nxd5 cxd5
14. Bxc5 Qxc5 15. Qxa6 O-O 16. Rac1 Qd4 17. Rcd1 Qxb2 18. Rxd5 Rad8 19.
Qxa7 Nf6 20. Rxd8 Rxd8 21. Bf3 g5 22. e3 h5 23. Qa5 Qd2 24. Qxg5+ Kf8 25.
a4 Rd6 26. Qc5 1-0